| 000 | 00984 a2200193 4500 | ||
|---|---|---|---|
| 001 | 29296 | ||
| 005 | 20260407155602.0 | ||
| 008 | 260407a1983 arg spa d | ||
| 003 | AR-UNSa-BCEJYS | ||
| 040 |
_aAR-UNSa-BCEJYS _bspa _cAR-UNSa-BCEJYS |
||
| 080 |
_a657-051 _xProfesional en Ciencias Económicas (Contador...) |
||
| 245 | 1 | 0 | _aLos registros contables legales |
| 264 | 1 |
_aBuenos Aires : _bEdiciones Nueva Técnica _c1983 |
|
| 300 |
_a211 p. _c26 cm. |
||
| 505 | _a1. Introducción - 2. La actuación del contador público en relación con los registros contables - 3. El régimen del código de comercio - 4. El régimen de la ley de sociedades comerciales - 5. Las normas de la inspección general de justicia - 6. Las normas de la dirección impositiva sobre facturación y registro de operaciones - 7. Necesidades de un nuevo régimen, reflexiones críticas - Apéndice. | ||
| 942 | _cBK | ||
| 590 | _aniveau_biblio:m niveau_hierar:0 | ||
| 100 | 1 | _aSchiavo, Jorge Nicolás | |
| 999 |
_c1840 _d1840 |
||